Microbiology : . (رقم التسجيلة. 31319)
[ عرض عادي ]
| 000 -الفاتح | |
|---|---|
| حقل البيانات ثابتة الطول | 00908nam a22002657a 4500 |
| 003 - محدد رقم الضبط | |
| رقم الضبط | OSt |
| 005 - وقت وتاريخ اخر تعامل مع التسجيلة | |
| رقم الضبط | 20150408114143.0 |
| 008 - عناصر البيانات ثابتة الطول - معلومات عامة | |
| حقل البيانات ثابتة الطول | 120213s2013 mauab 001 0 eng c |
| 020 ## - الرقم الدولى المعيارى للكتب | |
| الرقم الدولى المعيارى للكتاب | 9780321798541 (pbk.) |
| 020 ## - الرقم الدولى المعيارى للكتب | |
| الرقم الدولى المعيارى للكتاب | 0321798546 (pbk.) |
| 040 ## - مصدر الفهرسة | |
| وكالة الفهرسة الأصلية | UkOxU |
| لغة الفهرسة | eng |
| وكالة النسخ | UkOxU |
| وكالة التعديل | UK |
| 082 ## - رقم تصنيف ديوى العشرى | |
| رقم الطبعة | 23 |
| رقم التصنيف | 579 |
| رقم المادة | TGM |
| 100 1# - المدخل الرئيسى - إسم شخصى | |
| الإسم الشخصى | Tortora, Gerard J. |
| 9 (RLIN) | 38025 |
| 245 10 - بيان العنوان | |
| العنوان | Microbiology : . |
| بقية العنوان | an introduction / |
| بيان المسئوليه,etc | Gerard J. Tortora, Berdell R. Funke, Christine L. Case |
| 250 ## - بيان الطبعة | |
| بيان الطبعة | 11th ed |
| 260 ## - PUBLICATION, DISTRIBUTION, ETC. (IMPRINT) | |
| مكان الناشر او الموزع | Boston ; |
| -- | London : |
| اسم الناشر او الموزع | Pearson, |
| تاريخ النشر أو التوزيع | 2013. |
| 300 ## - الوصف المادى | |
| التعداد | p. in various pagings : . |
| تفاصيل ماديه اخرى للوعاء | ill. (chiefly col.), maps ; |
| أبعاد الوعاء | 28 cm |
| 500 ## - تبصرة عامة | |
| تبصرة عامة | Previous ed.: San Francisco, Calif. : Benjamin Cummings, 2010. |
| 500 ## - تبصرة عامة | |
| تبصرة عامة | "International edition"--Cover. |
| 500 ## - تبصرة عامة | |
| تبصرة عامة | Includes index. |
| 650 ## - المدخل الاضافى بالموضوع-مصطلح موضوعى | |
| مصطلح موضوعي أو اسم جغرافي كعنصر مدخل | Microbiology. |
| 700 1# - المدخل الاضافى - اسم شخصى | |
| الإسم الشخصى | Funke, Berdell R. |
| 9 (RLIN) | 38026 |
| 700 1# - المدخل الاضافى - اسم شخصى | |
| الإسم الشخصى | Case, Christine L., |
| التواريخ المصاحبة للاسم | 1948- |
| 9 (RLIN) | 19456 |
| 942 ## - | |
| -- | ddc |
| -- | BOOK |
| 999 ## - | |
| -- | 31319 |
| -- | 265819 |
| حالة الفقد | نموذج السعر الفعال | حالة تلف | ليس للاعارة | رقم الطلب | رقم النسخة | تاريخ الاكتساب | Serial Enumeration / chronology | الباركود | الفرع الرئيسي | Date last checked out | Date last seen | نوع المادة فى نظام كوها | مصدر التصنيف او خطة الترفيف | Total Checkouts |
|---|---|---|---|---|---|---|---|---|---|---|---|---|---|---|
| 2013-10-17 | Not For Loan | 579 TGM | 1 | 2013-10-17 | CL | 00206894 | المكتبة المركزية بالمجمعة (CL) | 2023-11-07 | 2023-11-14 | كتاب | Dewey Decimal Classification | 1 | ||
| 2013-10-17 | 579 TGM | 2 | 2013-10-17 | CL | 00206895 | المكتبة المركزية بالمجمعة (CL) | 2017-10-05 | 2018-02-15 | كتاب | Dewey Decimal Classification | 1 | |||
| 2013-10-17 | 579 TGM | 3 | 2013-10-17 | CL | 00206896 | المكتبة المركزية بالمجمعة (CL) | 2013-10-17 | كتاب | Dewey Decimal Classification | |||||
| 2013-10-17 | 579 TGM | 2 | 2013-10-17 | EZF | 00206898 | مكتبة مجمع الكليات بالزلفى - طلاب (SZM) | 2016-10-03 | 2016-11-07 | كتاب | Dewey Decimal Classification | 1 | |||
| 2013-10-17 | Not For Loan | 579 TGM | 1 | 2013-10-17 | SZM | 00206897 | مكتبة مجمع الكليات بالزلفى - طلاب (SZM) | 2013-10-17 | كتاب | Dewey Decimal Classification |
